[Event "LSS OP-2006-0-00153"]
[Site "LSS email"]
[Date "2006.09.17"]
[Round "?"]
[White "Hulse, David"]
[Black "Pech, Matej"]
[Result "0-1"]
[WhiteElo "836"]
[BlackElo "711"]
[PlyCount "20"]
[EventDate "2006.09.16"]
[EventType "tourn (corr)"]
[EventRounds "4"]
[EventCountry "GER"]
[SourceTitle "Corr 2015"]
[Source "ChessBase"]
[SourceDate "2015.07.17"]
[SourceVersion "1"]
[SourceVersionDate "2015.07.17"]
[SourceQuality "1"]

1. e4 e5 2. Nf3 Nc6 3. c3 d5 4. exd5 Qxd5 5. Be2 e4 6. c4 Qd8 7. Ng1 Bc5 8. d3 Qh4 9. g3 Qf6 10. Nc3 Qxf2+ 0-1

[Event "IECG OP.2006.0.00152"]
[Site "IECG email"]
[Date "2006.09.16"]
[Round "?"]
[White "Hulse, David"]
[Black "Mavizi, Hamid"]
[Result "0-1"]
[WhiteElo "902"]
[BlackElo "1700"]
[PlyCount "42"]
[EventDate "2006.09.16"]
[EventType "tourn (corr)"]
[EventRounds "6"]
[SourceTitle "Corr 2008"]
[Source "ChessBase"]
[SourceDate "2008.06.24"]
[SourceVersion "1"]
[SourceVersionDate "2008.06.24"]
[SourceQuality "1"]

1. e4 e5 2. Nf3 Nc6 3. Bb5 d6 4. d4 exd4 5. Nxd4 Bd7 6. 0-0 Nf6 7. Bxc6 Bxc6 8. Nxc6 bxc6 9. Bg5 Be7 10. Nc3 0-0 11. Qf3 Rb8 12. Rad1 Rxb2 13. Qd3 Rb8 14. Rb1 Ng4 15. Bxe7 Qxe7 16. f3 Ne5 17. Qa6 f5 18. Rxb8 Rxb8 19. Qxa7 Rb6 20. Re1 Qg5 21. Qxc7 Nxf3+ 0-1

[Event "IECG OP.2006.0.00153"]
[Site "IECG email"]
[Date "2006.09.16"]
[Round "?"]
[White "Quaranta, Cristiano"]
[Black "Hulse, David"]
[Result "1-0"]
[WhiteElo "2090"]
[BlackElo "902"]
[PlyCount "49"]
[EventDate "2006.09.16"]
[EventType "tourn (corr)"]
[EventRounds "6"]
[SourceTitle "Corr 2008"]
[Source "ChessBase"]
[SourceDate "2008.06.24"]
[SourceVersion "1"]
[SourceVersionDate "2008.06.24"]
[SourceQuality "1"]

1. e4 c5 2. Nf3 e6 3. d4 cxd4 4. Nxd4 a6 5. Nc3 b5 6. Bd3 Be7 7. 0-0 Bb7 8. f4 Nc6 9. Be3 Rc8 10. Nb3 d6 11. Qe2 Nf6 12. Rad1 Qc7 13. Kh1 0-0 14. a3 Ne8 15. g4 f6 16. Kg1 Qb8 17. f5 Nd8 18. fxe6 Nxe6 19. Nd5 Bxd5 20. exd5 Nc5 21. Bxc5 dxc5 22. Qxe7 c4 23. Bf5 Rc7 24. Be6+ Kh8 25. Qxf8# 1-0

[Event "P-3774"]
[Site "IECC email"]
[Date "2004.09.27"]
[Round "?"]
[White "Von Rosenberg, Clemens"]
[Black "Hulse, David"]
[Result "1-0"]
[WhiteElo "1324"]
[BlackElo "1123"]
[PlyCount "65"]
[EventDate "2004.??.??"]
[EventType "tourn (corr)"]
[SourceTitle "Corr 2020"]
[Source "ChessBase"]
[SourceDate "2019.09.30"]
[SourceVersion "1"]
[SourceVersionDate "2019.09.30"]
[SourceQuality "1"]
[WhiteTeam "Germany"]
[BlackTeam "England"]
[WhiteTeamCountry "GER"]
[BlackTeamCountry "ENG"]

1. c4 c5 2. Nc3 Nc6 3. Nf3 b6 4. e4 Bb7 5. Be2 e6 6. 0-0 d6 7. d4 cxd4 8. Nxd4 Rc8 9. Nxc6 Bxc6 10. Bf4 Be7 11. Nb5 Bxb5 12. cxb5 e5 13. Be3 Nf6 14. Bg5 Nxe4 15. Bxe7 Qxe7 16. Bf3 Rc4 17. Bxe4 Rxe4 18. Qc2 Qb7 19. Rfc1 0-0 20. a3 f5 21. Qc7 Qxc7 22. Rxc7 Ra8 23. Kf1 Rh4 24. h3 Rh6 25. Rd1 Rd8 26. Rd5 Re6 27. Rxa7 e4 28. Rxf5 d5 29. Rff7 d4 30. Rxg7+ Kf8 31. Rgf7+ Ke8 32. Rxh7 d3 33. Rh8# 1-0

[Event "IECC CL7-2004.13 email"]
[Site "IECC email"]
[Date "2004.08.13"]
[Round "?"]
[White "Duarte, Antonio Jorge ST"]
[Black "Hulse, David"]
[Result "1-0"]
[WhiteElo "1194"]
[BlackElo "1136"]
[PlyCount "79"]
[EventDate "2004.??.??"]
[EventType "tourn (corr)"]
[EventRounds "4"]
[SourceTitle "Corr 2008"]
[Source "ChessBase"]
[SourceDate "2008.06.24"]
[SourceVersion "1"]
[SourceVersionDate "2008.06.24"]
[SourceQuality "1"]

1. e4 d5 2. exd5 Nf6 3. d4 Qxd5 4. Nc3 Qd8 5. Nf3 b6 6. Bb5+ c6 7. Ba4 Ba6 8. Be3 e6 9. Qd2 Bb4 10. a3 Ne4 11. Qc1 Bxc3+ 12. bxc3 Nxc3 13. Bb3 b5 14. Bd2 Ne4 15. Bb4 Nd7 16. 0-0 Rc8 17. Re1 Nef6 18. Qg5 Rg8 19. Qf5 Nf8 20. Qc5 Qc7 21. Ne5 Nd5 22. Bxd5 cxd5 23. Nc6 Ng6 24. Nxa7 Qxc5 25. Bxc5 Rc7 26. Rab1 Rxa7 27. Bxa7 Kd7 28. Bc5 Rb8 29. Re3 f6 30. Rh3 Rh8 31. a4 Nf4 32. Ra3 Ne2+ 33. Kh1 Kc6 34. axb5+ Bxb5 35. Ra7 g6 36. Re7 Nf4 37. g3 Nh3 38. Rxe6+ Kb7 39. Rxb5+ Ka8 40. Ra6# 1-0

[Event "P-3711"]
[Site "IECC email"]
[Date "2004.06.13"]
[Round "?"]
[White "Butcher, Robert"]
[Black "Hulse, David"]
[Result "1-0"]
[WhiteElo "934"]
[BlackElo "1199"]
[PlyCount "26"]
[EventDate "2004.??.??"]
[EventType "tourn (corr)"]
[SourceTitle "Corr 2020"]
[Source "ChessBase"]
[SourceDate "2019.09.30"]
[SourceVersion "1"]
[SourceVersionDate "2019.09.30"]
[SourceQuality "1"]
[WhiteTeam "United States"]
[BlackTeam "England"]
[WhiteTeamCountry "USA"]
[BlackTeamCountry "ENG"]

1. d4 d5 2. c4 e6 3. a3 c5 4. Nf3 dxc4 5. Nc3 Nc6 6. d5 Na5 7. e4 Nb3 8. Rb1 Na5 9. Bf4 b6 10. Ne5 Bd6 11. Nb5 a6 12. Nc3 f6 13. Qh5+ Kf8 1-0

[Event "IECC CL6-2003.14 email"]
[Site "IECC email"]
[Date "2003.06.27"]
[Round "?"]
[White "McNally, David"]
[Black "Hulse, David"]
[Result "1-0"]
[WhiteElo "1420"]
[BlackElo "1229"]
[PlyCount "43"]
[EventDate "2003.??.??"]
[EventType "tourn (corr)"]
[EventRounds "4"]
[SourceTitle "Corr 2008"]
[Source "ChessBase"]
[SourceDate "2008.06.24"]
[SourceVersion "1"]
[SourceVersionDate "2008.06.24"]
[SourceQuality "1"]

1. e4 c5 2. Nf3 e6 3. d4 cxd4 4. Nxd4 a6 5. Bd3 Nf6 6. 0-0 d6 7. c4 Nc6 8. Nxc6 bxc6 9. Nc3 e5 10. Qa4 Bd7 11. c5 a5 12. Qc2 dxc5 13. Na4 Bd6 14. Nxc5 0-0 15. Nb7 Qc7 16. Nxd6 Qxd6 17. Be3 Qc7 18. Rac1 Rfc8 19. Rfd1 Ne8 20. Bc4 Nd6 21. Bb3 Kh8 22. Qd3 1-0

[Event "IECC CL6-2003.01 email"]
[Site "IECC email"]
[Date "2003.01.24"]
[Round "?"]
[White "Hulse, David"]
[Black "Todd, Daniel"]
[Result "0-1"]
[WhiteElo "1180"]
[BlackElo "1214"]
[PlyCount "34"]
[EventDate "2003.??.??"]
[EventType "tourn (corr)"]
[EventRounds "4"]
[SourceTitle "Corr 2008"]
[Source "ChessBase"]
[SourceDate "2008.06.24"]
[SourceVersion "1"]
[SourceVersionDate "2008.06.24"]
[SourceQuality "1"]

1. e4 e5 2. Nf3 Nc6 3. Bc4 Nf6 4. d3 d5 5. exd5 Nxd5 6. 0-0 Bg4 7. h3 Bh5 8. Nbd2 Qd7 9. Bb5 f6 10. Re1 0-0-0 11. a4 a6 12. Bc4 g5 13. Bxd5 Qxd5 14. Ne4 Be7 15. c4 Qxd3 16. Qxd3 Rxd3 17. Nfd2 Nd4 0-1

[Event "CFriend SL-2003-0-00002 email"]
[Site "Chessfriend.com"]
[Date "2003.01.18"]
[Round "?"]
[White "Croke, Pat"]
[Black "Hulse, David"]
[Result "1-0"]
[WhiteElo "804"]
[BlackElo "975"]
[PlyCount "59"]
[EventDate "2003.01.18"]
[EventType "tourn (corr)"]
[EventRounds "12"]
[SourceTitle "Corr 2008"]
[Source "ChessBase"]
[SourceDate "2008.06.24"]
[SourceVersion "1"]
[SourceVersionDate "2008.06.24"]
[SourceQuality "1"]

1. d4 d5 2. c4 e6 3. Nc3 Nf6 4. Bg5 Be7 5. Nf3 Nbd7 6. Bxf6 Nxf6 7. cxd5 exd5 8. e3 0-0 9. Bd3 Bg4 10. Qc2 Bxf3 11. gxf3 g6 12. 0-0-0 c6 13. e4 dxe4 14. fxe4 Qxd4 15. f4 Qe3+ 16. Qd2 Qxd2+ 17. Rxd2 Bb4 18. e5 Nd5 19. Rf1 Nxc3 20. bxc3 Bxc3 21. Rg2 Bd4 22. h4 Be3+ 23. Kd1 Rad8 24. Ke2 Bc5 25. h5 f5 26. hxg6 h6 27. g7 Rfe8 28. Bc4+ Rd5 29. Rh1 Re6 30. Rh5 1-0

[Event "CFriend SL-2003-0-00002 email"]
[Site "Chessfriend.com"]
[Date "2003.01.18"]
[Round "?"]
[White "Hulse, David"]
[Black "Scott, David"]
[Result "1-0"]
[WhiteElo "975"]
[BlackElo "472"]
[PlyCount "63"]
[EventDate "2003.01.18"]
[EventType "tourn (corr)"]
[EventRounds "12"]
[SourceTitle "Corr 2008"]
[Source "ChessBase"]
[SourceDate "2008.06.24"]
[SourceVersion "1"]
[SourceVersionDate "2008.06.24"]
[SourceQuality "1"]

1. e4 Nf6 2. e5 Nd5 3. d4 e6 4. c4 Nb6 5. Nf3 d5 6. c5 N6d7 7. Bb5 c6 8. Be2 g6 9. Bg5 Qa5+ 10. Nc3 Bg7 11. 0-0 0-0 12. Bf4 h5 13. Qd2 Na6 14. Bxa6 Qxa6 15. b4 b5 16. a4 bxa4 17. Rxa4 Qb7 18. Bh6 Kh7 19. Bxg7 Kxg7 20. Ng5 Nb8 21. Rb1 Bd7 22. f4 Qb5 23. Nxb5 cxb5 24. Ra3 a6 25. Nf3 f5 26. Ng5 Nc6 27. Rba1 Nb8 28. Qc2 Nc6 29. Qc3 Nb8 30. c6 Nxc6 31. Rxa6 Rfb8 32. Rxa8 1-0